000 00409nam a2200157Ia 4500
008 210716s1999 xx 000 0 und d
020 _a0030224179
041 _aeng
082 _a658.4092 DAFR
100 _aDaft, Richard L.
245 _aLeadership: theory and practice.
_bTheory and practice.
250 _a1
260 _aNew York
_bThe dryden press
_c1999
300 _axvi,496
650 _aLeadership
999 _c206391
_d206391